[Event "DEM U18w 2016"]
[Site "Willingen GER"]
[Date "2016.05.17"]
[Round "5"]
[White "Holschuh, Paulina"]
[Black "Rösler, Hannah"]
[Result "0-1"]
[Termination "normal"]
[Board "13"]
[WhiteElo "1042"]
[BlackElo "1400"]
[PlyCount "58"]
[WhiteFideId "16208552"]
[BlackFideId "12983500"]
[EventCountry "GER"]
[EventRounds "9"]
[EventType "swiss"]
[EventDate "2016.05.14"]

1. e4 c5 2. d4 cxd4 3. c3 Nf6 4. cxd4 Nxe4 5. Qf3 d5 6. Bb5+ Nc6 7. Ne2 g6 8.
O-O Bg7 9. Nbc3 Nf6 10. Bf4 O-O 11. h3 e6 12. Qe3 Nd7 13. Bg5 Qb6 14. Rfd1 a6
15. Bxc6 Qxc6 16. Rac1 Qd6 17. Bf4 Qe7 18. Nxd5 Qh4 19. Bg5 Bh6 20. Bxh6 exd5
21. Bxf8 Kxf8 22. Qf3 Nb6 23. Nf4 Bd7 24. Nxd5 Bc6 25. Qa3+ Kg7 26. Qd6 Nxd5
27. Rc3 Nxc3 28. bxc3 Qg5 29. g3 Qh5 0-1

[Event "DEM U18w 2016"]
[Site "Willingen GER"]
[Date "2016.05.18"]
[Round "6"]
[White "Rosmait, Emily"]
[Black "Gaßmann, Linda"]
[Result "1/2-1/2"]
[Termination "normal"]
[Board "1"]
[WhiteElo "1915"]
[BlackElo "1816"]
[WhiteClock "00:23:52"]
[BlackClock "00:16:14"]
[PlyCount "50"]
[WhiteFideId "12937754"]
[BlackFideId "12900451"]
[EventCountry "GER"]
[EventRounds "9"]
[EventType "swiss"]
[EventDate "2016.05.14"]

1. e4 e5 2. Nf3 Nf6 3. d4 Nxe4 4. Bd3 d5 5. Nxe5 Nd7 6. Nxd7 Bxd7 7. O-O Be7 8.
c4 c6 9. Nc3 Nxc3 10. bxc3 dxc4 11. Bxc4 O-O 12. Qh5 Bf6 13. Rb1 Qc8 14. h3 Bf5
15. Rb2 Qd7 16. Bf4 Bg6 17. Qf3 Rfe8 18. Bd3 Bxd3 19. Qxd3 Rad8 20. Qf3 b6 21.
Rd2 Qe6 22. Rfd1 Qe4 23. Qxe4 Rxe4 24. Be3 h6 25. Kf1 Kf8 1/2-1/2

[Event "DEM U18w 2016"]
[Site "Willingen GER"]
[Date "2016.05.18"]
[Round "6"]
[White "Morio, Estelle"]
[Black "Weis, Olga"]
[Result "0-1"]
[Termination "normal"]
[Board "2"]
[WhiteElo "1801"]
[BlackElo "1902"]
[WhiteClock "00:05:29"]
[BlackClock "00:05:49"]
[PlyCount "88"]
[WhiteFideId "12951951"]
[BlackFideId "1270234"]
[EventCountry "GER"]
[EventRounds "9"]
[EventType "swiss"]
[EventDate "2016.05.14"]

1. f4 d5 2. b3 Qd6 3. e3 e5 4. Qe2 exf4 5. exf4+ Be7 6. Bb2 Nf6 7. Be5 Qb6 8.
Qb5+ Qxb5 9. Bxb5+ c6 10. Bd3 Nbd7 11. Nf3 Nc5 12. Be2 Bf5 13. d3 O-O 14. Nd4
Bg4 15. O-O Bxe2 16. Nxe2 Ng4 17. Nbc3 f6 18. Bd4 Ne6 19. h3 Nxd4 20. Nxd4 Bc5
21. Nce2 Rfe8 22. Kh1 Ne3 23. Rfc1 Ba3 24. Rg1 c5 25. Nb5 Nxc2 26. Nxa3 Rxe2
27. Nxc2 Rxc2 28. Rgc1 Rxc1+ 29. Rxc1 b6 30. d4 Rc8 31. Kg1 Kf7 32. Kf2 Ke6 33.
g4 Kd6 34. Ke2 c4 35. b4 b5 36. Kd2 Re8 37. Re1 Re4 38. Rxe4 dxe4 39. f5 Kd5
40. Kc3 e3 41. a3 a6 42. h4 h6 43. h5 e2 44. Kd2 Kxd4 0-1

[Event "DEM U18w 2016"]
[Site "Willingen GER"]
[Date "2016.05.18"]
[Round "6"]
[White "Poetsch, Leonore"]
[Black "Böhm, Jana"]
[Result "0-1"]
[Termination "normal"]
[Board "3"]
[WhiteElo "1829"]
[BlackElo "1927"]
[WhiteClock "00:09:25"]
[BlackClock "00:23:51"]
[PlyCount "137"]
[WhiteFideId "12940372"]
[BlackFideId "24661589"]
[EventCountry "GER"]
[EventRounds "9"]
[EventType "swiss"]
[EventDate "2016.05.14"]

1. e4 e6 2. d4 d5 3. Nd2 Nf6 4. e5 Nfd7 5. Bd3 c5 6. c3 Nc6 7. Ndf3 cxd4 8.
cxd4 f6 9. exf6 Nxf6 10. Ne2 Bd6 11. Bf4 Qa5+ 12. Qd2 Bb4 13. Nc3 O-O 14. O-O
Ne4 15. Bxe4 dxe4 16. Ng5 Rd8 17. Ngxe4 Nxd4 18. Qd1 b6 19. a3 Be7 20. Be3 e5
21. b4 Qa6 22. Bxd4 exd4 23. Ne2 Be6 24. Nf4 Bc4 25. Re1 Qb7 26. Qg4 Qd7 27.
Qg3 Bf7 28. Ng5 Bxg5 29. Qxg5 Re8 30. Nh5 Bg6 31. Nf4 Bf5 32. h4 d3 33. Red1
Rad8 34. Rd2 h6 35. Qg3 Qc7 36. Rad1 Rd4 37. Nh5 Qf7 38. Nf4 Qc7 39. Nh5 Qxg3
40. Nxg3 Bh7 41. h5 Rc4 42. f3 Rc3 43. Ra1 Rc2 44. Rxc2 dxc2 45. Kf2 Bd3 46.
Rc1 Kf7 47. Ne4 Bxe4 48. fxe4 Rc8 49. Ke3 Ke6 50. Kd4 b5 51. Kd3 Ke5 52. Rxc2
Rxc2 53. Kxc2 Kxe4 54. Kc3 Ke3 55. a4 a6 56. axb5 axb5 57. Kc2 Kd4 58. Kd2 Kc4
59. Ke3 Kxb4 60. Kf4 Kc5 61. Kf5 b4 62. Kg6 b3 63. Kxg7 b2 64. Kxh6 b1=Q 65. g4
Qb6+ 66. Kh7 Qc7+ 67. Kg6 Qd6+ 68. Kf5 Qh6 69. Ke5 0-1

[Event "DEM U18w 2016"]
[Site "Willingen GER"]
[Date "2016.05.18"]
[Round "6"]
[White "Zahn, Alina"]
[Black "Schulz, Theresa Charlotte"]
[Result "1-0"]
[Termination "normal"]
[Board "4"]
[WhiteTitle "WFM"]
[WhiteElo "2116"]
[BlackElo "1687"]
[WhiteClock "00:26:09"]
[BlackClock "00:25:18"]
[PlyCount "55"]
[WhiteFideId "24696730"]
[BlackFideId "12952206"]
[EventCountry "GER"]
[EventRounds "9"]
[EventType "swiss"]
[EventDate "2016.05.14"]

1. e4 c6 2. Ne2 d5 3. e5 Bf5 4. Ng3 Bg6 5. h4 h6 6. h5 Bh7 7. e6 fxe6 8. d4 Qd6
9. f4 g5 10. hxg6 Bxg6 11. Bd3 Bf7 12. c3 Nf6 13. Be3 Rg8 14. Qf3 Nbd7 15. Nd2
O-O-O 16. Nb3 h5 17. O-O-O Rh8 18. Rh4 Bg7 19. Rdh1 b6 20. Qe2 c5 21. Ba6+ Kb8
22. dxc5 bxc5 23. Qb5+ Qb6 24. Nxc5 Qxb5 25. Bxb5 Nb6 26. Bd4 Bh6 27. Be5+ Kc8
28. Ba6# 1-0

[Event "DEM U18w 2016"]
[Site "Willingen GER"]
[Date "2016.05.18"]
[Round "6"]
[White "Koch, Elisabeth"]
[Black "Brandl, Lea Maria"]
[Result "0-1"]
[Termination "normal"]
[Board "5"]
[WhiteElo "1705"]
[BlackElo "1927"]
[WhiteClock "00:29:19"]
[BlackClock "00:03:46"]
[PlyCount "104"]
[WhiteFideId "24695068"]
[BlackFideId "24693049"]
[EventCountry "GER"]
[EventRounds "9"]
[EventType "swiss"]
[EventDate "2016.05.14"]

1. e4 c5 2. Nc3 Nc6 3. f4 g6 4. Nf3 Bg7 5. d3 d6 6. g3 e6 7. Bg2 Nge7 8. O-O
O-O 9. g4 f5 10. h3 a6 11. Qe1 Nd4 12. Nxd4 cxd4 13. Ne2 Qc7 14. c4 dxc3 15.
bxc3 Bd7 16. Bd2 Rae8 17. Rc1 Nc6 18. Kh2 Kh8 19. Qh4 Bf6 20. Qh6 Nd8 21. g5
Bg7 22. Qh4 Nc6 23. Qg3 e5 24. Ng1 Qa5 25. Rc2 fxe4 26. dxe4 exf4 27. Bxf4 Ne5
28. Kh1 Ba4 29. Rd2 Nc4 30. Rd3 Bc2 31. Rd5 Qxa2 32. Rf2 Qb1 33. Rf1 Qb3 34.
Ne2 Bxe4 35. Nd4 Bxg2+ 36. Kxg2 Bxd4 37. Rxd4 d5 38. Re1 Rxe1 39. Qxe1 Qc2+ 40.
Kg1 Qf5 41. Qe7 Qf7 42. Be5+ Kg8 43. Qf6 Nxe5 44. Qxe5 Rd8 45. Rf4 Qd7 46. Qf6
a5 47. h4 Ra8 48. h5 gxh5 49. Kh2 a4 50. g6 h6 51. Rf3 Rd8 52. g7 Qd6+ 0-1

[Event "DEM U18w 2016"]
[Site "Willingen GER"]
[Date "2016.05.18"]
[Round "6"]
[White "Klenk, Sofie"]
[Black "Bork, Sophie"]
[Result "0-1"]
[Termination "normal"]
[Board "6"]
[WhiteElo "1810"]
[BlackElo "1735"]
[WhiteClock "00:25:13"]
[BlackClock "00:48:38"]
[PlyCount "94"]
[WhiteFideId "12996653"]
[BlackFideId "12905429"]
[EventCountry "GER"]
[EventRounds "9"]
[EventType "swiss"]
[EventDate "2016.05.14"]

1. e4 e5 2. Nc3 Nf6 3. Nf3 Nc6 4. d4 exd4 5. Nxd4 Bb4 6. Nxc6 bxc6 7. Bd3 O-O
8. O-O d5 9. exd5 cxd5 10. Bg5 c6 11. Qf3 Be7 12. Rfe1 Be6 13. h3 Rb8 14. b3
Bb4 15. Re2 Bxc3 16. Bxh7+ Kxh7 17. Qxc3 Rc8 18. Qd4 c5 19. Qh4+ Kg8 20. Rd1
Rb8 21. Re3 Rb6 22. Rf3 Bc8 23. Rdd3 d4 24. Rf4 Re8 25. Rg3 Re1+ 26. Kh2 Ree6
27. Bh6 g6 28. Bg5 Qd6 29. Qh6 Qf8 30. Qxf8+ Kxf8 31. Rgf3 Kg7 32. Rd3 Ne4 33.
Bd8 Rbd6 34. Ba5 Ba6 35. Rdf3 Nf6 36. g4 Bb7 37. Rd3 Be4 38. Rd2 g5 39. Rxf6
Kxf6 40. Bc7 Rd7 41. Bg3 d3 42. cxd3 Rxd3 43. Rb2 Rd1 44. Bb8 Bc6 45. f4 Ree1
46. Be5+ Kg6 47. fxg5 Rxe5 0-1

[Event "DEM U18w 2016"]
[Site "Willingen GER"]
[Date "2016.05.18"]
[Round "6"]
[White "Wiesner, Paula"]
[Black "Hund, Sarah"]
[Result "1/2-1/2"]
[Termination "normal"]
[Board "7"]
[WhiteElo "2116"]
[BlackElo "1951"]
[PlyCount "48"]
[WhiteFideId "24654019"]
[BlackFideId "12923338"]
[EventCountry "GER"]
[EventRounds "9"]
[EventType "swiss"]
[EventDate "2016.05.14"]

1. d4 Nf6 2. c4 e6 3. Nf3 Bb4+ 4. Nbd2 b6 5. a3 Bxd2+ 6. Bxd2 Bb7 7. Bg5 d6 8.
e3 Nbd7 9. Be2 h6 10. Bh4 g5 11. Bg3 h5 12. h3 Ne4 13. Qc2 Qe7 14. Bd3 Nxg3 15.
fxg3 O-O-O 16. O-O-O g4 17. hxg4 hxg4 18. Rxh8 Rxh8 19. Nh4 Qg5 20. Qf2 f5 21.
d5 exd5 22. cxd5 Bxd5 23. Bxf5 Bc6 24. Kb1 Kb7 1/2-1/2

[Event "DEM U18w 2016"]
[Site "Willingen GER"]
[Date "2016.05.18"]
[Round "6"]
[White "Schumann, Rabea"]
[Black "Cejda, Cecilia"]
[Result "1-0"]
[Termination "normal"]
[Board "9"]
[WhiteElo "1878"]
[BlackElo "1635"]
[PlyCount "129"]
[WhiteFideId "12918199"]
[BlackFideId "12921122"]
[EventCountry "GER"]
[EventRounds "9"]
[EventType "swiss"]
[EventDate "2016.05.14"]

1. c4 e5 2. g3 Nc6 3. Bg2 g6 4. Nc3 Bg7 5. e4 d6 6. Nge2 h5 7. h4 Be6 8. d3 Qd7
9. Be3 Nh6 10. f3 f5 11. Nd5 O-O-O 12. Qd2 fxe4 13. dxe4 Nf7 14. O-O-O Kb8 15.
Kb1 Ne7 16. Rc1 c6 17. Nxe7 Qxe7 18. Qb4 Qc7 19. Nc3 c5 20. Qa4 Bd7 21. Qc2 Be6
22. b3 a6 23. Rhd1 Rd7 24. Rd2 Nd8 25. Nd5 Bxd5 26. exd5 Bh6 27. Bxh6 Rxh6 28.
Rf2 Rg7 29. f4 Nf7 30. Bh3 exf4 31. gxf4 Nd8 32. f5 gxf5 33. Bxf5 Qe7 34. Rf4
Rh8 35. Rcf1 Rf7 36. Qe4 Qxe4+ 37. Bxe4 Rxf4 38. Rxf4 Rg8 39. Bf3 Rg1+ 40. Kb2
Rf1 41. Rf5 Rf2+ 42. Kc3 Rh2 43. Rf4 Rh3 44. Kc2 Rh2+ 45. Kd3 Rh3 46. Ke4 Rh2
47. Bxh5 Rxa2 48. Bg4 Rb2 49. Rf3 b5 50. cxb5 axb5 51. h5 Rh2 52. Rh3 Rxh3 53.
Bxh3 Nf7 54. Kf5 c4 55. bxc4 bxc4 56. Kg6 c3 57. Bf5 Ne5+ 58. Kg7 Ng4 59. h6
Nxh6 60. Kxh6 Kc7 61. Kg6 Kb6 62. Kf6 Kb7 63. Ke6 Kc8 64. Kxd6+ Kd8 65. Bc2 1-0

[Event "DEM U18w 2016"]
[Site "Willingen GER"]
[Date "2016.05.18"]
[Round "6"]
[White "Döpper, Anna Bérénice"]
[Black "Silber, Stefanie"]
[Result "1/2-1/2"]
[Termination "normal"]
[Board "10"]
[WhiteElo "1821"]
[BlackElo "1599"]
[PlyCount "86"]
[WhiteFideId "1271853"]
[BlackFideId "12918245"]
[EventCountry "GER"]
[EventRounds "9"]
[EventType "swiss"]
[EventDate "2016.05.14"]

1. e4 c6 2. d4 d5 3. exd5 cxd5 4. c4 Nf6 5. Nc3 Nc6 6. Nf3 Bg4 7. cxd5 Nxd5 8.
Be2 e6 9. O-O Be7 10. Be3 O-O 11. a3 Rc8 12. Ne4 Qb6 13. b4 a6 14. Qd2 Rfd8 15.
Qb2 Na7 16. Rac1 a5 17. b5 Bxf3 18. gxf3 Rc7 19. Rxc7 Qxc7 20. b6 Qxb6 21. Qxb6
Nxb6 22. d5 Nxd5 23. Bxa7 b6 24. Rb1 Ra8 25. Bxb6 Rb8 26. a4 Rxb6 27. Rxb6 Nxb6
28. Bb5 f5 29. Nd2 Kf7 30. Nc4 Nxc4 31. Bxc4 Kf6 32. Kg2 f4 33. Bd3 h6 34. Kf1
Bc5 35. Ke2 Kg5 36. Kf1 Kh4 37. Kg2 Kg5 38. Kf1 Kh4 39. Kg2 Kg5 40. Kf1 Kf6 41.
Ke2 g5 42. h3 h5 43. Be4 Ke5 1/2-1/2

[Event "DEM U18w 2016"]
[Site "Willingen GER"]
[Date "2016.05.18"]
[Round "6"]
[White "Graf, Pia"]
[Black "Shirov-Michna, Masza"]
[Result "1-0"]
[Termination "normal"]
[Board "11"]
[WhiteElo "1744"]
[BlackElo "1320"]
[PlyCount "63"]
[WhiteFideId "12917737"]
[BlackFideId "12921998"]
[EventCountry "GER"]
[EventRounds "9"]
[EventType "swiss"]
[EventDate "2016.05.14"]

1. e4 e6 2. d4 d5 3. Nd2 Nc6 4. Ngf3 Nf6 5. e5 Nd7 6. Be2 f6 7. exf6 Qxf6 8.
Nf1 Bd6 9. Ne3 O-O 10. O-O Qh6 11. h3 Nf6 12. Nxd5 Qh5 13. Ng5 Qh4 14. Nxf6+
Rxf6 15. Bd3 h6 16. Nh7 Rf5 17. Qg4 Qxg4 18. hxg4 Ra5 19. g5 Nxd4 20. gxh6 Rh5
21. g3 Be5 22. c3 Nf5 23. Re1 Nxh6 24. Bg6 Bxc3 25. bxc3 Rc5 26. Bb2 Bd7 27. f4
Nf5 28. Rad1 Be8 29. Bxe8 Rxe8 30. Ng5 Nxg3 31. Rxe6 Rxe6 32. Rd8+ 1-0

[Event "DEM U18w 2016"]
[Site "Willingen GER"]
[Date "2016.05.18"]
[Round "6"]
[White "Eggert, Daniela"]
[Black "Holschuh, Paulina"]
[Result "1-0"]
[Termination "normal"]
[Board "12"]
[WhiteElo "1688"]
[BlackElo "1042"]
[PlyCount "85"]
[WhiteFideId "12991490"]
[BlackFideId "16208552"]
[EventCountry "GER"]
[EventRounds "9"]
[EventType "swiss"]
[EventDate "2016.05.14"]

1. Nf3 d5 2. g3 Nf6 3. d4 e6 4. Bg2 c5 5. dxc5 Bxc5 6. O-O O-O 7. c4 Nc6 8. Bg5
h6 9. cxd5 exd5 10. Bxf6 Qxf6 11. Qc2 Bb6 12. Nc3 Be6 13. Rad1 Rad8 14. Ne1 Bf5
15. Qa4 d4 16. Nd5 Qe5 17. Nxb6 axb6 18. Bf3 b5 19. Qb3 Rd6 20. Nd3 Qf6 21.
Qxb5 Rb8 22. Nc5 b6 23. Na6 Rb7 24. Rc1 Bd7 25. Qb3 Be6 26. Qc2 Bf5 27. Be4
Bxe4 28. Qxe4 Re6 29. Qd3 g6 30. Rc2 Ra7 31. Rfc1 Rae7 32. b4 Kf8 33. Kg2 Rd6
34. Qf3 Qxf3+ 35. Kxf3 Ne5+ 36. Kg2 Ra7 37. Rc8+ Kg7 38. b5 Rd5 39. a4 Re7 40.
Nc7 Rd6 41. Ne8+ Rxe8 42. Rxe8 Nd7 43. Rd8 1-0

[Event "DEM U18w 2016"]
[Site "Willingen GER"]
[Date "2016.05.18"]
[Round "6"]
[White "Rösler, Hannah"]
[Black "Krastina, Alma"]
[Result "1-0"]
[Termination "normal"]
[Board "13"]
[WhiteElo "1400"]
[BlackElo "1631"]
[PlyCount "99"]
[WhiteFideId "12983500"]
[BlackFideId "16222105"]
[EventCountry "GER"]
[EventRounds "9"]
[EventType "swiss"]
[EventDate "2016.05.14"]

1. e4 Nc6 2. d4 d5 3. exd5 Qxd5 4. Be3 Nf6 5. Nc3 Qd6 6. Nf3 Bf5 7. Bd3 Bxd3 8.
Qxd3 O-O-O 9. Ng5 Nb4 10. Qe2 Nfd5 11. O-O Qg6 12. Nxd5 Nxd5 13. Nf3 e6 14. Qd2
Nxe3 15. fxe3 Bd6 16. c4 h5 17. c5 Bxc5 18. Ne5 Qe4 19. Nxf7 Bxd4 20. exd4 Rxd4
21. Qc3 Rg8 22. Rae1 Qd5 23. Re5 Qd7 24. Rxh5 Rd1 25. Qf3 Rxf1+ 26. Qxf1 Qd4+
27. Kh1 Qxb2 28. Rh8 Rxh8 29. Nxh8 Kd7 30. Qf7+ Kd6 31. Qf8+ Kc6 32. Qe8+ Kd5
33. Qd7+ Ke4 34. Qxe6+ Qe5 35. Qxe5+ Kxe5 36. Kg1 Kd4 37. Kf2 Kc3 38. g4 c5 39.
Nf7 b5 40. Nd6 a6 41. Ne4+ Kd4 42. Nd2 Kd3 43. Ke1 Kc2 44. h4 c4 45. h5 c3 46.
Nb3 Kb2 47. g5 Kxa2 48. Nc1+ Kb1 49. Kd1 a5 50. h6 1-0

[Event "DEM U18w 2016"]
[Site "Willingen GER"]
[Date "2016.05.19"]
[Round "7"]
[White "Weis, Olga"]
[Black "Rosmait, Emily"]
[Result "1-0"]
[Termination "normal"]
[Board "1"]
[WhiteElo "1902"]
[BlackElo "1915"]
[WhiteClock "00:11:46"]
[BlackClock "00:25:15"]
[PlyCount "45"]
[WhiteFideId "1270234"]
[BlackFideId "12937754"]
[EventCountry "GER"]
[EventRounds "9"]
[EventType "swiss"]
[EventDate "2016.05.14"]

1. c4 Nf6 2. Nf3 e6 3. d4 b6 4. g3 Bb7 5. Bg2 Be7 6. O-O O-O 7. Nbd2 Ne4 8. Qc2
f5 9. Ne5 Nd6 10. e4 Ne8 11. b3 d6 12. Nd3 Nd7 13. Nf4 Kf7 14. Nxe6 Qc8 15.
Nxf8 Kxf8 16. exf5 Bxg2 17. Kxg2 Nef6 18. Nf3 Qb7 19. d5 Qc8 20. Bb2 Qe8 21.
Nd4 Kg8 22. Qe2 Nc5 23. Rfe1 1-0

[Event "DEM U18w 2016"]
[Site "Willingen GER"]
[Date "2016.05.19"]
[Round "7"]
[White "Gaßmann, Linda"]
[Black "Zahn, Alina"]
[Result "0-1"]
[Termination "normal"]
[Board "2"]
[BlackTitle "WFM"]
[WhiteElo "1816"]
[BlackElo "2116"]
[WhiteClock "00:05:55"]
[BlackClock "00:12:40"]
[PlyCount "106"]
[WhiteFideId "12900451"]
[BlackFideId "24696730"]
[EventCountry "GER"]
[EventRounds "9"]
[EventType "swiss"]
[EventDate "2016.05.14"]

1. d4 d5 2. c4 e6 3. Nc3 Nf6 4. Bg5 Nbd7 5. e3 Be7 6. cxd5 exd5 7. Bd3 c6 8.
Nge2 O-O 9. O-O Re8 10. Qc2 Nf8 11. f3 h6 12. Bh4 Nh5 13. Bf2 Be6 14. Rad1 Bh4
15. Ng3 Nxg3 16. hxg3 Be7 17. e4 dxe4 18. Bxe4 Rc8 19. Qb1 Bc4 20. Rfe1 Bd6 21.
d5 c5 22. b3 Ba6 23. Bf5 Rxe1+ 24. Bxe1 Rc7 25. Ne4 b6 26. Bd2 Be5 27. Be3 Bc8
28. d6 Rc6 29. Bxc8 Qxc8 30. f4 Bd4 31. Qd3 f5 32. Bxd4 cxd4 33. Nd2 Rxd6 34.
Nc4 Rd8 35. Ne3 g6 36. Nc4 Ne6 37. Ne5 Kg7 38. g4 Qc3 39. Qa6 Qc7 40. gxf5 Nxf4
41. Nxg6 Nxg6 42. fxg6 Rd7 43. Qd3 Qd6 44. Rd2 Qxg6 45. Qb5 Qd6 46. Qf5 d3 47.
Qg4+ Kh8 48. Qe4 Qc5+ 49. Kh2 Rd4 50. Qa8+ Kg7 51. Qb7+ Kg6 52. Rf2 Rh4+ 53.
Kg3 Qg5+ 0-1

[Event "DEM U18w 2016"]
[Site "Willingen GER"]
[Date "2016.05.19"]
[Round "7"]
[White "Böhm, Jana"]
[Black "Brandl, Lea Maria"]
[Result "1-0"]
[Termination "normal"]
[Board "3"]
[WhiteElo "1927"]
[BlackElo "1927"]
[WhiteClock "00:15:18"]
[BlackClock "00:03:41"]
[PlyCount "71"]
[WhiteFideId "24661589"]
[BlackFideId "24693049"]
[EventCountry "GER"]
[EventRounds "9"]
[EventType "swiss"]
[EventDate "2016.05.14"]

1. e4 c5 2. Nf3 d6 3. d4 cxd4 4. Nxd4 Nf6 5. Nc3 a6 6. Bg5 e6 7. f4 Qb6 8. Qd2
Nc6 9. Bxf6 gxf6 10. Nb3 Qc7 11. Be2 h5 12. O-O-O Bd7 13. Kb1 O-O-O 14. h4 Be7
15. Rh3 Rdg8 16. Bf1 Kb8 17. Rd3 Na5 18. Nxa5 Qxa5 19. g3 Bc6 20. Qe3 Rc8 21.
Bh3 Qc7 22. R1d2 Ka8 23. f5 Bd7 24. Ne2 e5 25. Nc3 Bc6 26. Nd5 Bxd5 27. Rxd5
Qc4 28. Qd3 Qc6 29. Bf1 Rh7 30. Be2 Qb6 31. Rd1 Rg8 32. Qa3 Qf2 33. Bxa6 bxa6
34. Qxa6+ Qa7 35. Qc6+ Qb7 36. Ra5+ 1-0

[Event "DEM U18w 2016"]
[Site "Willingen GER"]
[Date "2016.05.19"]
[Round "7"]
[White "Bork, Sophie"]
[Black "Morio, Estelle"]
[Result "1-0"]
[Termination "normal"]
[Board "4"]
[WhiteElo "1735"]
[BlackElo "1801"]
[WhiteClock "00:08:51"]
[BlackClock "00:04:42"]
[PlyCount "99"]
[WhiteFideId "12905429"]
[BlackFideId "12951951"]
[EventCountry "GER"]
[EventRounds "9"]
[EventType "swiss"]
[EventDate "2016.05.14"]

1. e4 d6 2. d4 Nf6 3. Nc3 Nbd7 4. g4 h6 5. h3 e5 6. Bg2 Be7 7. f4 c6 8. a4 a5
9. Nge2 Qc7 10. O-O Nh7 11. Be3 Bf6 12. Qd2 Ndf8 13. Rad1 Ne6 14. d5 Nxf4 15.
Nxf4 exf4 16. Bxf4 Be5 17. Bxe5 dxe5 18. d6 Qb6+ 19. Kh1 Bd7 20. Ne2 Ng5 21.
Ng3 f6 22. Nh5 Ne6 23. Rf3 O-O-O 24. c3 Qb3 25. Ra1 Be8 26. Ra3 Qb6 27. Ng3 Ng5
28. Rd3 Bd7 29. b4 Be6 30. Nf5 Bxf5 31. gxf5 Rd7 32. Rb3 Rhd8 33. c4 axb4 34.
Rxb4 Qc5 35. Qb2 Nf7 36. a5 Qa7 37. a6 Nxd6 38. Ra3 bxa6 39. Rb6 Rb7 40. Rxb7
Qxb7 41. Rb3 Qa7 42. Rb4 Kc7 43. Qa2 Nb7 44. Rb1 Nc5 45. Qa5+ Kc8 46. Rb6 Nb7
47. Rxc6+ Kb8 48. Qc7+ Ka8 49. Bf1 a5 50. c5 1-0

[Event "DEM U18w 2016"]
[Site "Willingen GER"]
[Date "2016.05.19"]
[Round "7"]
[White "Wiesner, Paula"]
[Black "Schumann, Rabea"]
[Result "1-0"]
[Termination "normal"]
[Board "5"]
[WhiteElo "2116"]
[BlackElo "1878"]
[WhiteClock "00:42:02"]
[BlackClock "00:12:31"]
[PlyCount "53"]
[WhiteFideId "24654019"]
[BlackFideId "12918199"]
[EventCountry "GER"]
[EventRounds "9"]
[EventType "swiss"]
[EventDate "2016.05.14"]

1. d4 d5 2. c4 e6 3. Nc3 Be7 4. cxd5 exd5 5. Qc2 c6 6. Bf4 Bg4 7. e3 Bh5 8. Bd3
Bg6 9. Bxg6 hxg6 10. Nf3 Nf6 11. O-O-O Nbd7 12. Kb1 Nf8 13. Ne5 N6d7 14. e4
Nxe5 15. Bxe5 f6 16. Bg3 dxe4 17. d5 f5 18. dxc6 Qc8 19. Nd5 Ne6 20. Nxe7 Kxe7
21. Rd7+ Ke8 22. Qb3 Qxc6 23. Rd6 Nc5 24. Qc3 Qb5 25. Qxg7 Rf8 26. Qxg6+ Ke7
27. Bh4+ 1-0

[Event "DEM U18w 2016"]
[Site "Willingen GER"]
[Date "2016.05.19"]
[Round "7"]
[White "Hund, Sarah"]
[Black "Graf, Pia"]
[Result "0-1"]
[Termination "normal"]
[Board "6"]
[WhiteElo "1951"]
[BlackElo "1744"]
[WhiteClock "00:04:35"]
[BlackClock "00:05:09"]
[PlyCount "84"]
[WhiteFideId "12923338"]
[BlackFideId "12917737"]
[EventCountry "GER"]
[EventRounds "9"]
[EventType "swiss"]
[EventDate "2016.05.14"]

1. e4 e6 2. d4 d5 3. Nc3 dxe4 4. Nxe4 Nd7 5. g3 Ngf6 6. Bg2 Be7 7. Ne2 Nxe4 8.
Bxe4 Nf6 9. Bg2 O-O 10. O-O c5 11. Be3 cxd4 12. Bxd4 Qc7 13. c3 Bd7 14. Re1 Bc6
15. Bh3 Bf3 16. Qd3 Qc6 17. Qe3 b6 18. Be5 Qe4 19. Nd4 Qxe3 20. Rxe3 Bd5 21.
Rd1 Bxa2 22. b3 Bc5 23. c4 Rfd8 24. Bg2 Ng4 25. Ree1 Nxe5 26. Bxa8 Rxa8 27.
Rxe5 Rd8 28. Re4 Bxb3 29. Rd2 Bxc4 30. Nb3 Rxd2 31. Nxd2 Bd5 32. Ra4 a5 33. Kf1
Kf8 34. Ke2 Bc6 35. Ra1 a4 36. f4 Bd4 37. Ra2 b5 38. Kd3 Bd5 39. Rc2 Bg1 40.
Nb1 b4 41. Rc8+ Ke7 42. Rb8 a3 0-1

[Event "DEM U18w 2016"]
[Site "Willingen GER"]
[Date "2016.05.19"]
[Round "7"]
[White "Klenk, Sofie"]
[Black "Stallknecht, Britta"]
[Result "0-1"]
[Termination "normal"]
[Board "7"]
[WhiteElo "1810"]
[BlackElo "1769"]
[PlyCount "118"]
[WhiteFideId "12996653"]
[BlackFideId "12987050"]
[EventCountry "GER"]
[EventRounds "9"]
[EventType "swiss"]
[EventDate "2016.05.14"]

1. e4 c5 2. Nc3 Nc6 3. Bb5 e6 4. Bxc6 dxc6 5. d3 Nf6 6. f4 Qc7 7. Nf3 Be7 8.
Bd2 b6 9. Qe2 Ba6 10. O-O-O O-O-O 11. h3 h5 12. Ng5 Rdf8 13. g4 g6 14. Qf3 Ne8
15. f5 exf5 16. gxf5 Bxg5 17. Bxg5 Nd6 18. Bf6 Rhg8 19. Be5 Qe7 20. Qg3 Rd8 21.
Rdf1 g5 22. Rhg1 f6 23. Bxd6 Rxd6 24. Qf3 h4 25. Qe2 Re8 26. Re1 Qe5 27. Nd1
Rd7 28. Ne3 Rde7 29. Qf2 Kb8 30. Ng4 Qd6 31. Qh2 Qxh2 32. Nxh2 c4 33. Ng4 Rf8
34. Kd2 cxd3 35. cxd3 c5 36. Kc3 Rd7 37. Rd1 Rd6 38. Rd2 Bb5 39. a3 Bc6 40.
Rgd1 Rfd8 41. Kc4 Bxe4 42. Nh6 Bd5+ 43. Kc3 Re8 44. Ng4 Bb7 45. d4 cxd4+ 46.
Rxd4 Rc8+ 47. Kb3 Rxd4 48. Rxd4 Bg2 49. Nf2 Rc5 50. Rd2 Rxf5 51. Kc2 Rc5+ 52.
Kd1 Bf3+ 53. Ke1 Rc1+ 54. Nd1 Rxd1+ 55. Rxd1 Bxd1 56. Kxd1 f5 57. Ke2 g4 58.
Kf2 Kc7 59. Kg2 Kd6 0-1

[Event "DEM U18w 2016"]
[Site "Willingen GER"]
[Date "2016.05.19"]
[Round "7"]
[White "Möller, Hannah"]
[Black "Poetsch, Leonore"]
[Result "0-1"]
[Termination "normal"]
[Board "8"]
[WhiteElo "1735"]
[BlackElo "1829"]
[PlyCount "52"]
[WhiteFideId "1270514"]
[BlackFideId "12940372"]
[EventCountry "GER"]
[EventRounds "9"]
[EventType "swiss"]
[EventDate "2016.05.14"]

1. Nf3 d5 2. g3 c5 3. Bg2 Nc6 4. d4 e6 5. O-O Nf6 6. c4 dxc4 7. Qa4 Bd7 8. Qxc4
cxd4 9. Nxd4 Rc8 10. Nc3 Nxd4 11. Qxd4 Bc5 12. Qd3 Qb6 13. Ne4 Nxe4 14. Bxe4
Bb5 15. Qf3 O-O 16. Qh5 f5 17. Bg2 e5 18. Bd2 e4 19. Bc3 Rf7 20. Rae1 Qa6 21.
Qh3 Bxe2 22. Bxe4 Bg4 23. Qg2 fxe4 24. Rxe4 Be2 25. Qh3 Rcf8 26. Re6 Qd3 0-1